| 000 | 00356nam a2200121Ia 4500 | ||
|---|---|---|---|
| 008 | 170224s9999 xx 000 0 und d | ||
| 245 | _aOptimizing full scope of practice for nurse practitioners in primary care: A proposed conceptual model | ||
| 260 | _bNursing Outlook | ||
| 260 | _c2016 | ||
| 300 | _a64:2 | ||
| 500 | _aMarch April | ||
| 650 | _xNursing. | ||
| 999 |
_c317032 _d317032 |
||